000 00942cam a2200241Ia 4500
999 _c5607
_d5607
001 25261
003 GBCCL
005 20241126110545.0
008 890405q19001989nbu 000 0 eng d
035 _a(OCoLC)19496919
040 _aDTM
_cDTM
049 _aLBBK
_v1-10
082 _a220.7
_bHEN
092 _bH523p
100 1 _aHenry, Matthew,
_d1662-1714.
_91752
245 1 4 _aThe pocket Bible commentary /
_cby Matthew Henry, Thomas Scott and others.
260 _aLincoln, Neb. :
_bOrder from Back to the Bible Publishers,
_c[19--].
300 _a10 v. ;
_c18 cm.
505 0 _av.1. Genesis-Leviticus -- v.2. Numbers-I Samuel -- v.3. II Samuel-Job -- v.4. Psalms -- v.5. Proverbs-Jeremiah -- v.6. Lamentations-Malachi -- v. 7. Matthew-Luke -- v.8. John-I Corinthians -- v.9. II Corinthians-Hebrews -- v. 10. James-Revelation.
630 0 0 _aBible
_xCommentaries.
_91243
700 1 _aScott, Thomas,
_d1747-1821.
_92571
942 _2ddc
_cBK
_06